Pieniny - Dunajec

Zobrazenie: Pohľad z hladiny Dunajca na krajinu pienin. Vpravo v pozadí je vysoká skala. Vľavo v diaľke vidno ihličnatý les. Vľavo v popredí je kamenistý breh

Bibliographic Details
Other Authors: Rozman, Ladislav, 1898-1986 (Photographer)
Format: Postcard
Language:Slovak
PhysicalDescription:1 pohľadnica čiernobiela 15 x 11 cm
Published: [Bratislava] VPL 1967
Subjects:

MARC

LEADER 00000nkm a2200000 a 4500
001 vtls011839124
003 SK-MaSNL
005 20260512124849.0
007 kp bo
008 230718s1967 xo g kuslo
015 |a SNBG1967 
035 |a urn:nbn:sk:snk-km00dtmq 
035 |a urn:nbn:sk:snk-km3ludv 
035 |a 19BA26E1-3978-4865-8975-83DFBF767496 
040 |a SNK  |b slo  |c SNK  |e AACR2 
041 0 |a slo 
043 |a e-xo---  |a e-pl--- 
044 |a xo  |c SK 
072 7 |a 908(437+438)  |x Štúdium oblastí a lokalít všeobecne  |2 konspekt 
080 |a 908(438)  |2 2011 
080 |a 556.53  |2 2011 
080 |a (084.121)  |2 2011 
080 |a (282.243)  |2 2011 
080 |a 908(437.6)  |2 2011 
080 |a 551.4.035(234.372)  |2 2011 
100 1 |a Rozman, Ladislav,  |d 1898-1986  |4 pht  |9 5062 
245 1 0 |a Pieniny - Dunajec  |h grafika  |c foto Ladislav Rozman 
260 |a [Bratislava]  |b VPL  |c 1967 
300 |a 1 pohľadnica  |b čiernobiela  |c 15 x 11 cm 
520 8 |a Zobrazenie: Pohľad z hladiny Dunajca na krajinu pienin. Vpravo v pozadí je vysoká skala. Vľavo v diaľke vidno ihličnatý les. Vľavo v popredí je kamenistý breh 
650 0 7 |a rieky  |2 SNKPH  |9 29644 
651 7 |a Dunajec (Poľsko a Slovensko : rieka)  |2 SNKPHgeo  |9 31516 
651 7 |a Pieniny (Poľsko a Slovensko : pohorie)  |2 SNKPHgeo  |9 17492 
655 7 |a geografické pohľadnice  |2 SNKPH  |9 70522 
852 |a Slovenská národná knižnica 
954 |a pohľadnice pôvodné (slovenské)  |2 lita 
958 |a GBN 
958 |a GC 
958 |a OND 
958 |a EUIPO 
999 |c 950765  |d 952695 
952 |a SNK  |b SNK  |y PREZ  |7 0  |p 17A1278906  |o snkSP 49036  |0 0  |1 0  |4 0  |d 2019-02-05  |f 1  |l 0  |r 2026-02-24 09:47:26  |w 2026-02-24